000 00562nam a2200193 a 4500
005 20140310183333.0
008 060825s19uu xx 00 eng d
020 _a0415942241
050 _aP 90
_b.N52 2006
100 _aChun, Wendy Hui Kyong, edited by
245 _aNew media, old media:
_ba history and theory reader./
260 _aNew York :
_bRoutledge Taylor & Francis Group,
_c2006.
300 _a418 p. :
_bill. ;
_c27 cm.
521 _aMC
650 _aMass media
_xHistory.
700 _aKeenan, Thomas
942 _cBK
_2lcc
_kFOR
999 _c21615
_d21615